| 000 | 00497nam a22001577a 4500 | ||
|---|---|---|---|
| 999 |
_c114696 _d114696 |
||
| 005 | 20191119103228.0 | ||
| 008 | 191119b ||||| |||| 00| 0 eng d | ||
| 020 | _a969350240X | ||
| 040 | _cPK-LaUMT | ||
| 082 |
_a891.4393 _bSAA-M |
||
| 100 | _aSaadat Hassan Manto = سعدت حسن منٹو | ||
| 245 |
_aManto kahaniyan = منٹو کہانیاں / _cby Saadat Hassan Manto = سعدت حسن منٹو |
||
| 260 |
_aLahore : _bSang-e-Meel Publications, _c2004 |
||
| 300 | _a295 p. | ||
| 942 | _cBK | ||